| 000 | 00674pam a2200229 a 4500 | ||
|---|---|---|---|
| 001 | 1388500 | ||
| 005 | 20160922165529.0 | ||
| 008 | 820803s1983 vaua b 000 0 eng | ||
| 010 | _a 82013614 | ||
| 020 | _a0813909732 | ||
| 040 |
_aDLC _cDLC _dDLC |
||
| 050 | 0 | 0 |
_aNA2500 _b.V5 1983 |
| 082 | 0 | 0 |
_a720 _219 |
| 100 | 1 | _aVickery, Robert L. | |
| 245 | 1 | 0 |
_aSharing architecture / _cRobert L. Vickery. |
| 260 |
_aCharlottesville : _bUniversity Press of Virginia, _c1983. |
||
| 300 |
_a187 p. : _bill. ; _c24 cm. |
||
| 504 | _aIncludes bibliographical references. | ||
| 650 | 0 | _aArchitecture. | |
| 906 |
_a7 _bcbc _corignew _d1 _eocip _f19 _gy-gencatlg |
||
| 942 |
_2lcc _cBOOKS |
||
| 999 |
_c13998 _d13998 |
||